Production and nursing of common carp, ការផលិតកូនត្រីសាមញ្ញ និងការថែបំប៉ន (Record no. 3901)
[ view plain ]
| 000 -LEADER | |
|---|---|
| fixed length control field | 00514nam a22001577a 4500 |
| 003 - CONTROL NUMBER IDENTIFIER | |
| control field | OSt |
| 005 - DATE AND TIME OF LATEST TRANSACTION | |
| control field | 20151203094421.0 |
| 008 - FIXED-LENGTH DATA ELEMENTS--GENERAL INFORMATION | |
| fixed length control field | 151203b xxu||||| |||| 00| 0 eng d |
| 040 ## - CATALOGING SOURCE | |
| Transcribing agency | RUA |
| 082 ## - DEWEY DECIMAL CLASSIFICATION NUMBER | |
| Classification number | FIS CHO 2008 B180 Or.1 |
| 100 ## - MAIN ENTRY--PERSONAL NAME | |
| 9 (RLIN) | 4188 |
| Personal name | CHOUP, KHEMERAKPHEAKDEY. |
| 245 ## - TITLE STATEMENT | |
| Title | Production and nursing of common carp, ការផលិតកូនត្រីសាមញ្ញ និងការថែបំប៉ន |
| 260 ## - PUBLICATION, DISTRIBUTION, ETC. (IMPRINT) | |
| Place of publication, distribution, etc. | Phnom Penh |
| Name of publisher, distributor, etc. | RUA |
| Date of publication, distribution, etc. | 2008 |
| 300 ## - PHYSICAL DESCRIPTION | |
| Extent | xi; 53p. |
| Other physical details | ill. |
| Dimensions | 29cm. |
| 942 ## - ADDED ENTRY ELEMENTS (KOHA) | |
| Source of classification or shelving scheme | |
| Koha item type | FIS |
| Price effective from | Date last seen | Permanent Location | Not for loan | Date acquired | Source of classification or shelving scheme | Koha item type | Lost status | Withdrawn status | Date last checked out | Total Checkouts | Shelving location | Damaged status | Barcode | Current Location | Full call number |
|---|---|---|---|---|---|---|---|---|---|---|---|---|---|---|---|
| 2015-12-03 | 2022-04-06 | Library Block B | 2015-12-03 | FIS | 2022-02-22 | 3 | B180 | RUA011009 | Library Block B | FIS CHO 2008 B180 Or.1 | |||||
| 2015-12-03 | 2019-11-16 | Library Block B | 2015-12-03 | FIS | 2019-10-25 | 1 | B180 | RUA011444 | Library Block B | FIS CHO 2008 B180 Or.2 | |||||
| 2015-12-03 | 2015-12-03 | Library Block B | 2015-12-03 | FIS | B180 | RUA011372 | Library Block B | FIS CHO 2008 B180 Or.3 | |||||||
| 2015-12-03 | 2015-12-03 | Library Block B | 2015-12-03 | FIS | B180 | RUA011075 | Library Block B | FIS CHO 2008 B180 Or.4 | |||||||
| 2015-12-03 | 2015-12-03 | Library Block B | 2015-12-03 | FIS | B180 | RUA011081 | Library Block B | FIS CHO 2008 B180 Or.5 |